000 00499ntaaa2200181 4500
003 01
005 20251027201817.0
008 0714s1973 ag 01
040 _aAR-BaBN
_bspa
_cAR-BaBN
_eaacr
_dRIC
082 _a243.0000 R52z
100 _aRivas, J. Gregorio
_916557
245 _aLos zamuros
250 _a1 ed.
260 _aMaracaibo :
_bLibertador,
_c1980
300 _a91 p
500 _aUna novela de intriga y misterio, pero sin salirse del ambiente cristiano que la anvuelve
942 _cBK
999 _c12791
_d12791